| 000 | 00611nam a2200217 a 4500 | ||
|---|---|---|---|
| 005 | 20240924071301.0 | ||
| 008 | 140519s2005 es r 000 0 spa d | ||
| 020 | _a8478649964 | ||
| 035 | _aUPN01000197278 | ||
| 049 | _aI | ||
| 050 | 4 |
_aPZ78 _bE8.93 |
|
| 100 | 1 |
_aEspluga, María _935527 |
|
| 245 | 1 | 0 |
_aYo, campesino / _cMaría Espluga. |
| 260 |
_aBarcelona [Esp.] : _bCombel, _c2005. |
||
| 300 |
_a[24] p. : _bprincipalmente il. col. |
||
| 440 | 0 | _aYo quiero ser | |
| 650 | 7 |
_aLibros ilustrados para niños _2 _921365 |
|
| 650 | 4 |
_aLiteratura infantil _94445 |
|
| 905 | _aInfantil | ||
| 999 |
_c169379 _d169379 |
||